01294cam a22003375i 4500001001000000003000900010005001700019008004100036020003400077020003100111040004300142041001300185082002100198100005000219245008100269250002700350264006000377264001000437300004400447336002600491337002800517338002700545504005200572546007100624650003900695655001700734700004800751942001200799999001700811952012800828012476487EG-ScBUE20250515092156.0921103t2004 gw a f b 001 0 eng d a9780471504474 (pbk : volume1) a0471504475 (pbk : volume1) aEG-ScBUEbengerdacEG-ScBUEdEG-ScBUE1 aenghger04a530.151bCOU2221 aCourant, Richard,d1888-1972,eauthor.93971910aMethods of mathematical physics.nvolume 1 /cby R. Courant and D. Hilbert. aFirst English edition. 1aWeinheim : bWiley-VCH Verlag GmbH & Co. KGaA, c[2004] 4cc2004 axv, 560 pages :billustrations ;c25 cm 2rdacontentatextbtxt aunmediated2rdamediabn avolumebnc2rdacarrier aIncludes bibliographical references and index.  aText in English ; translated and revised from the original German. 7aMathematical physics.2BUEsh96575 vReading book1 aHilbert, David,d1862-1943,eauthor.939720 2ddccBB c21549d21521 00102ddc40708BaccahaMAINbMAINc1STd2016-03-30ePurchaseg1050.00l0o530.151 COUp000032239r2025-07-15 00:00:00yBB